| 000 | 00549nam a2200205Ia 4500 | ||
|---|---|---|---|
| 003 | GCL | ||
| 008 | 140319s9999 xx 000 0 eng d | ||
| 040 |
_aGCL / _cGCL |
||
| 082 | 0 | 4 |
_a516 _bD M |
| 100 | 1 | _aBURNS, ROBERT G | |
| 245 | 1 | 0 |
_aMODERN GEOMETRY METHODS AND APPLICATIONS / _cBURNS, ROBERT G |
| 700 | 1 | _aDUBROVIN, B.A. | |
| 700 | 1 | _aFOMENKO, A.T. | |
| 700 | 1 | _aNOVIKOV,S.P. | |
| 260 |
_a[S.N] : _bSPRINGER - VERLAG ، _c1993 |
||
| 650 | 0 | 4 | _aGEOMETRICAL MODELS |
| 650 | 0 | 4 | _aGEOMETRY |
| 650 | 0 | 4 | _aGEONETRY, ANALYTIC |
| 942 |
_2ddc _cBK |
||
| 999 |
_c17071 _d17071 |
||